Bilecik Bilecik Bilecik Bilecik Bilecik

Polis eğitiminde çağdaş yaklaşımlar/ (Record no. 27973)

MARC details
000 -BAŞLIK
Sabit Uzunluktaki Kontrol Alanı 02617nam a22003857a 4500
001 - KONTROL NUMARASI
Control Dosyası 0028049
003 - KONTROL NUMARASI KİMLİĞİ
Kontrol Alanı KOHA_MİRAKIL
005 - EN SON İŞLEM TARİHİ ve ZAMANI
Kontrol Alanı 20260207002617.0
007 - FİZİKSEL TANIM SABİT ALAN - GENEL BİLGİ
Sabit uzunluklu kontrol alanı ta
008 - SABİT UZUNLUKTAKİ VERİ ÖGELERİ - GENEL BİLGİ
Sabit Alan 110307b2011 tu |||grn|||#0|||0|tur |
020 ## - ISBN - ULUSLARARASI STANDART KİTAP NUMARASI
Isbn 9789758657650
040 ## - KATALOGLAMA KAYNAĞI
Özgün Kataloglama Kurumu TR-BiSEU
Kataloglama Dili tur
Çeviri Kurumu TR-BiSEU
Açıklama Kuralları rda
041 0# - DİL KODU
Metin ya da ses kaydının dil kodu tur
044 ## - YAYINLAYAN/ÜRETEN KURULUŞUN ÜLKE KODU
ISO country code tu
050 ## - SINIFLAMA ve YER NUMARASI
Sınıflama Numarası HV8241.93
Yer Numarası .P75 2011
245 0# - ESER ADI BİLDİRİMİ
Başlık Polis eğitiminde çağdaş yaklaşımlar/
Sorumluluk Bildirimi Ed. Alican Kaptı, Serdar Kenan Gül.
264 #1 - ÜRERİM, YAYIN, DAĞITIM ve TELİF BİLDİRİMİ
Yayın yeri Ankara :
Yayınlayan Polis Akademisi Başkanlığı
Yayın tarihi 2011
300 ## - FİZİKSEL TANIMLAMA
Sayfa, Cilt vb. vii, 224 s. ;
Boyutları 24 cm.
336 ## - İÇERİK TÜRÜ
Content type term metin
Content type code txt
Source rdacontent
337 ## - MEDYA TÜRÜ
Media type term aracısız
Media type code n
Source rdamedia
338 ## - TAŞIYICI TÜRÜ
Carrier type term cilt
Carrier type code nc
Source rdacarrier
490 1# - DİZİ BİLDİRİMİ
Dizi Bildirimi Polis Akademisi Yayınları.
490 1# - DİZİ BİLDİRİMİ
Dizi Bildirimi Güvenlik Yönetimi Serisi ;
Cilt Numarası 4.
500 ## - GENEL NOT
Genel Not Kaynakça var.
505 ## - İÇİNDEKİLER NOTU
İçindekiler Notu
650 #0 - KONU BAŞLIĞI EK GİRİŞ - KONU TERİMİ
Konusal terim veya coğrafi ad Hizmet sektörü--Polisler.
9 (RLIN) 55622
650 #0 - KONU BAŞLIĞI EK GİRİŞ - KONU TERİMİ
Konusal terim veya coğrafi ad Güvenlik hizmetleri--Bilişim uygulamaları.
9 (RLIN) 55623
650 #0 - KONU BAŞLIĞI EK GİRİŞ - KONU TERİMİ
Konusal terim veya coğrafi ad Güvenlik hizmetleri--Yönetim ve Organizasyon.
9 (RLIN) 55624
650 #0 - KONU BAŞLIĞI EK GİRİŞ - KONU TERİMİ
Konusal terim veya coğrafi ad Güvenlik güçleri--Yenilikler.
9 (RLIN) 55625
650 #0 - KONU BAŞLIĞI EK GİRİŞ - KONU TERİMİ
Konusal terim veya coğrafi ad Polis eğitimi.
9 (RLIN) 55634
830 1# - SERİ EK GİRİŞİ - TEKBİÇİM ESER ADI
Tekbiçim Başlık Polis Akademisi Yayınları.
9 (RLIN) 55619
830 1# - SERİ EK GİRİŞİ - TEKBİÇİM ESER ADI
Tekbiçim Başlık Güvenlik Yönetimi Serisi ;
Volume number/sequential designation 4.
9 (RLIN) 55620
907 ## - LOCAL DATA ELEMENT G, LDG (RLIN)
a Araştırma
942 ## - EK GİRİŞ ÖGELERİ (KOHA)
Source of classification or shelving scheme Library of Congress Classification
Koha item type Book
505 ## - İÇİNDEKİLER NOTU
--
--
--
--
--
--
--
-- Önsöz V
--
-- Polis Eğitiminde Yapılandırıcı Yaklaşım ve Beceri Geliştirme 1
-- Firdevs GÜNEŞ
--
-- Öğrenen Merkezli Mikro Öğretim Yöntemi İle Polis Eğitimi 25
-- Adnan KÜÇÜKOĞLU, Mustafa ÖZGÜLER, Halil İbrahim KAYA
--
-- Andragojik Polis Eğitimi ve Meslekî Sorumluluk 59
-- Nevzat SÖNMEZ
--
-- Polis ve Liderlik Eğitimi 85
-- Fatih TEPE
--
-- Türkiye'de Polis Eğitiminde Simülasyon
-- Teknolojilerinin Kullanılması 107
-- Selçuk ZENGİN, Hasan H. ÇALI
--
-- Çağdaş Polis Temel Eğitiminde Polis Eğiticilerinin Önemi 123
-- Özcan KARAMAN
--
-- Polis Seçiminde "Polis Beş Faktör Kişilik Envanteri" Uygulaması . . . 147
-- Erdoğan GÜLTEKİN
--
-- Polis Temel Eğitiminde Kullanılan
-- Eğitim Materyallerinin Geliştirilmesi 157
-- Hakan Batırhan KARA, Alican KAPTI, Muhittin KARAKAYA
-- Polis Meslek Eğitim Merkezlerinin Eğitim Kalitesinin Arttırılmasına
-- Yönelik Öneriler: ASM POMEM Örneği
-- Alper Numan UZ, Niyazi EKİCİ
--
-- Türk Polis Teşkilatında Mentorluk 187
-- Selçuk ATAK
--
-- Yurtdışı Lisansüstü ve Kısa Süreli Eğitimlerin
-- Türk Polis Teşkilatı Hizmet ve Eğitim Kalitesine Katkıları 203
-- Selçuk ZENGİN
--
--
--
--
--
--
--
--
--
--
--
--
--
--
--
--
--
--
--
--
--
--
--
--
--
--
--
--
--
--
--
--
--
--
--
--
--
--
--
--
--
--
--
--
--
--
--
--
--
--
--
--
--
--
--
--
--
--
--
--
--
--
--
--
--
-- w
--
--
--
--
--
--
--
--
--
--
--
--
--
--
--
--
--
--
--
--
--
--
--
--
--
--
--
--
--
--
--
--
--
--
--
-- w
--
Holdings
Materyal Türü Kalıcı Konum Mevcut Konum Raf Yeri Sınıflandırma Kaynağı Edinim Bilgisi Ana Konular Alt Konular Yer Numarası Demirbaş Numarası Fatura Tarihi Geri Çekilme Durumu Kayıp Durumu Hasarlı Durumu Kredi için değil Kayıt Tarih Toplam Ödünçverme Son Görülme Tarihi Son Kontrol Tarihi Genel / Bağış Notu
Book Prof. Dr. Azmi Özcan Kütüphanesi Prof. Dr. Azmi Özcan Kütüphanesi Uluğbey Salonu Library of Congress Classification Bağış SOSYAL BİLİMLER Sosyal Patoloji, Sosyal ve Kamu Refahı, Kriminoloji HV8241.93 .P75 2011 0028049 02/02/2026         07/03/2011   05/12/2024 05/12/2024 Genel Bağış